Текст томруулах:    
1989 international trade statistics yearbook (Бичлэгийн дугаар. 145942)
000 -УДИРДЛАГА
Удирдлага 00693nam a22002537a 4500
003 - ХЯНАЛТЫН ТОО ТОДОРХОЙЛОГЧ
Код MN-UlNUM
005 - БИЧИЛТ ХИЙСЭН ОГНОО
Тухайн бичилтийг бичсэн засварласан сүүлийн огноо 20251215153758.0
008 - ЕРӨНХИЙ МЭДЭЭЛЭЛ
Ерөнхий мэдээлэл 251215s1991 nyu 00| 0 eng d
020 ## - ISBN
ISBN 9210611403
040 ## - БИЧЛЭГ ҮҮСГЭГЧ БАЙГУУЛЛАГА
Бичлэг үүсгэгч номын сангийн код МУИС-ийн номын сан
084 ## - ББК АНГИЛАЛ
Нэмэлт тусгалт Баримт бичгийн эмхэтгэл
ББК ангилал 65.42
Зохиогчийн гурван тэмдэгт O-57
Мэдлэгийн ялгаа 65 - Эдийн засаг
110 ## - ЭРХЛЭН ГАРГАСАН /БАЙГУУЛЛАГА/
Эрхлэн гаргасан байгууллага United Nations
245 ## - ҮНДСЭН ГАРЧИГ
Номын нэр 1989 international trade statistics yearbook
Ботийн дугаар Vol. I
Ботийн нэр Trade by country
246 ## - ЗЭРЭГЦЭЭ ГАРЧИГ
Зэрэгцээ гарчиг Annuaire statistique du commerce international
260 ## - ГАРАЛТЫН МЭДЭЭ
Хэвлэгдсэн газар New York
Хэвлэлийн газар United Nations
Хэвлэгдсэн он 1991
300 ## - МАТЕРИАЛЫН ТОДОРХОЙЛОЛТ
хуудасны тоо 990 p.
500 ## - Тайлбар
Дансны дугаар БС 4353
546 ## - ХЭЛНИЙ ТУХАЙ МЭДЭЭ
Хэл Англи хэл дээр,
653 ## - Түлхүүр үг
Түлхүүр үг international trade
653 ## - Түлхүүр үг
Түлхүүр үг world trade
653 ## - Түлхүүр үг
Түлхүүр үг economic statistics
942 ## - ЭЛЕМЕНТИЙН ТӨРӨЛ
Зүйлийн төрөл Ном